000 00437nam a22000977a 4500
100 _aPhilip, S.
245 _aCompetent cell preparation
260 _bIn: Recent Advances in Molecular Biology and Biotechnology: DBT Skill Vigyan State Partnership Programme Faculty Training 2024. (Comp. C. Bindu Roy). 6-19 March 2024, Rubber Research Institute of India, Kottayam, India, pp. 142-144. Lab Manual
650 _aCompetent cells
942 _cAR
999 _c75451
_d75451